000 00892nam a2200289 a 4500
001 7843
003 BD-RjUL
005 20211208234503.0
008 140116s1967 enka b 001 0 eng d
035 _aMITb10254823
035 _a(BD-RjUL)7887
035 _aGLIS00254823
040 _aDLC
_cCSU
_dm.c.
_dSER
_dMYG
_dBD-RjUL
_beng
041 _aeng
082 _a519.5
_bEDS 1967
_223
090 _aHA29
_b.E26 1967
099 _aHA29.E26 1967
100 1 _aEdwards, Allen L.
_q(Allen Louis)
_924456
245 1 0 _aStatistical methods /
_c Allen L. Edwards.
250 _a2d ed.
260 _aNew York :
_bHolt, Rinehart and Winston,
_cc1967.
300 _axvi, 462 p. :
_bill. ;
_c24 cm.
500 _aIncludes indexes.
650 0 _aStatistics.
_924457
856 4 _3WorldCat details.
_uhttp://www.worldcat.org/title/statistical-methods/oclc/312136&referer=brief_results
942 _2ddc
_cBK
999 _c7843
_d7843